Đấu tranh với tội phạm chống người thi hành công vụ - Thực trạng, nguyên nhân và giải pháp /
Shranjeno v:
| Glavni avtor: | |
|---|---|
| Format: | Bài viết |
| Jezik: | Vietnamese |
| Teme: | |
| Oznake: |
Označite
Brez oznak, prvi označite!
|
| Thư viện lưu trữ: | Thư viện Trường Đại học Đà Lạt |
|---|
| LEADER | 00927nam a2200289 4500 | ||
|---|---|---|---|
| 001 | DLU180189196 | ||
| 005 | ##20181227 | ||
| 040 | # | # | |a DLU |b vie |
| 041 | # | # | |a vie |
| 044 | # | # | |a vn |
| 100 | # | # | |a Hồ Thế Hòe. |
| 245 | # | # | |a Đấu tranh với tội phạm chống người thi hành công vụ - Thực trạng, nguyên nhân và giải pháp / |c Hồ Thế Hòe. |
| 653 | # | # | |a Chấp hành pháp luật |
| 653 | # | # | |a Chống người thi hành công vụ |
| 653 | # | # | |a Phòng chống tội phạm |
| 653 | # | # | |a Tội phạm |
| 653 | # | # | |a Vi phạm pháp luật |
| 773 | # | # | |t Nhà nước và pháp luật |g Số 7(279), 2011, tr. 68-72 |
| 920 | # | # | |a Phòng Tạp chí -- Trung tâm Thông tin - Thư viện Trường Đại học Đà Lạt |
| 994 | # | # | |a DLU |
| 900 | # | # | |a True |
| 911 | # | # | |a Hoàng Thị Huyền |
| 925 | # | # | |a G |
| 926 | # | # | |a A |
| 927 | # | # | |a BB |
| 980 | # | # | |a Thư viện Trường Đại học Đà Lạt |